| 000 | 00359nam a22001337a 4500 | ||
|---|---|---|---|
| 020 | _a9788177585445 | ||
| 040 | _cNust | ||
| 082 |
_a629.1323 _bBER |
||
| 100 |
_aBertin, J John _9123605 |
||
| 245 | _aAerodynamics for Engineers | ||
| 260 |
_aIndia: _bPearson Education Services India, _c2006. |
||
| 650 |
_aAerodynamics for Engineers _980008 |
||
| 942 |
_2ddc _cBK |
||
| 999 |
_c609739 _d609739 |
||